Nubes, lluvia y lluvia artificial

Guardat en:
Dades bibliogràfiques
Autor principal: Mason, Brian J. (autor)
Format: Llibre
Idioma:espanyol
Publicat: Buenos Aires EUDEBA 1972
Col·lecció:Biblioteca del Universitario. Meteorología
Matèries:
Etiquetes: Afegir etiqueta
Sense etiquetes, Sigues el primer a etiquetar aquest registre!

MARC

LEADER 00000nam a2200000 a 4500
001 UCU4092
003 CL-VaPUC
008 960517e19720000AG |||||||||||||||||spa|d
082 0 4 |a 551.577  |b MAS  |2 21 
100 |a Mason, Brian J.  |e autor  |9 361513 
245 1 0 |a Nubes, lluvia y lluvia artificial 
300 |a 150 p 
942 |c BK 
945 |d 19960517 00:00:00  |a paguirre 
260 |a Buenos Aires  |b EUDEBA  |c 1972 
650 7 |a LLUVIA  |2 CL-VaPUC  |9 361473 
650 0 |a Precipitaciones   |9 357816 
650 7 |a PRECIPITACIONES ARTIFICIALES  |2 CL-VaPUC  |9 361514 
650 7 |a METEOROLOGIA  |2 CL-VaPUC  |9 260030 
583 |a last modification  |c 19960517 00:00:00  |k Rodrigo Vera 
490 0 |a Biblioteca del Universitario. Meteorología 
999 |c 247916  |d 247914 
952 |0 0  |1 0  |4 0  |6 551_577000000000000_MAS_1972  |7 0  |8 A  |9 264169  |a BIBING  |b BIBING  |d 2019-11-19  |i 1659723  |o 551.577 MAS 1972  |p 1659723  |r 2025-01-20  |w 2019-11-19  |y BK  |k GEO